Keys to Spelling Mastery / (Record no. 5264)
[ view plain ]
| 000 -LEADER | |
|---|---|
| fixed length control field | 00670nam a2200253 a 4500 |
| 001 - CONTROL NUMBER | |
| JCCL Control Number | 5264 |
| 003 - CONTROL NUMBER IDENTIFIER | |
| JCCL marc code | BD-JhCC |
| 005 - DATE AND TIME OF LATEST TRANSACTION | |
| control field | 20171213115704.0 |
| 008 - FIXED-LENGTH DATA ELEMENTS--GENERAL INFORMATION | |
| fixed length control field | 171211s19771981u a|||| || | 000 0 eng d |
| 035 ## - SYSTEM CONTROL NUMBER | |
| system control number | (BD-JhCC)5264 |
| 040 ## - CATALOGING SOURCE | |
| Original cataloging agency | BD-JhCC |
| Modifying agency | BD-JhCC |
| 041 ## - LANGUAGE CODE | |
| Language code of Book | eng |
| 082 ## - DEWEY DECIMAL CLASSIFICATION NUMBER | |
| Classification number | 370 |
| Author mark and Year | ALL 1981 |
| 100 ## - MAIN ENTRY--PERSONAL NAME | |
| Personal name | Allred, Ruel A. |
| 245 ## - TITLE STATEMENT | |
| Title | Keys to Spelling Mastery / |
| Statement of responsibility, etc | Ruel A. Allred, Louise O. Baird, Edwin A. Read |
| 260 ## - PUBLICATION, DISTRIBUTION, ETC. (IMPRINT) | |
| Place of publication, distribution, etc | USA : |
| Name of publisher, distributor, etc | The Economy Company, |
| Date of publication, distribution, etc | 1981. |
| 300 ## - PHYSICAL DESCRIPTION | |
| Pagination | 160 P. : |
| Dimensions | 24 cm. |
| 600 ## - SUBJECT ADDED ENTRY--PERSONAL NAME | |
| Personal name | Juvenile Literature |
| 650 ## - SUBJECT ADDED ENTRY--TOPICAL TERM | |
| Topical term or geographic name as entry element | Juvenile |
| 700 ## - ADDED ENTRY--PERSONAL NAME | |
| Personal name | Baird, Louise O. |
| 700 ## - ADDED ENTRY--PERSONAL NAME | |
| Personal name | Read, Edwin A. |
| 942 ## - ADDED ENTRY ELEMENTS (KOHA) | |
| Source of classification or shelving scheme | Dewey Decimal Classification |
| Koha item type | Books |
| Source of classification or shelving scheme | Damaged status | Not for loan | Home library | Current library | Shelving location | Date of accession | Total Checkouts | Full call number | Barcode | Date last seen | Copy number | Koha item type |
|---|---|---|---|---|---|---|---|---|---|---|---|---|
| Dewey Decimal Classification | JCC Rouf Library | JCC Rouf Library | General Stacks | 12/11/2017 | 370 ALL 1981 | 959 | 12/11/2017 | C-1 | Books | |||
| Dewey Decimal Classification | JCC Rouf Library | JCC Rouf Library | General Stacks | 12/11/2017 | 370 ALL 1981 | 7378 | 12/11/2017 | C-2 | Books |